000 00374 a2200157 4500
001 154518
040 _cEscola São Tomás de Aquino
100 _aPEREIRA, Marcos Sidney
240 1 0 _aRedescobrindo o universo religioso
_lpor
245 1 0 _aRedescobrindo o universo religioso
300 _a93
362 0 _a2015
440 1 _aVozes
697 _aRELIGIÃO
942 _cBK
999 _c154518
_d154518